Detalles MARC
| 000 -CABECERA |
| campo de control de longitud fija |
01994nam a2200325 i 4500 |
| 003 - IDENTIFICADOR DEL NÚMERO DE CONTROL |
| campo de control |
vecauma |
| 005 - FECHA Y HORA DE LA ÚLTIMA TRANSACCIÓN |
| campo de control |
20260414124312.0 |
| 007 - CAMPO FIJO DE DESCRIPCIÓN FÍSICA--INFORMACIÓN GENERAL |
| campo de control de longitud fija |
ta |
| 008 - DATOS DE LONGITUD FIJA--INFORMACIÓN GENERAL |
| campo de control de longitud fija |
260410t1997 mx |||||r|||| 00| 0 spa d |
| 020 ## - ISBN |
| Número Internacional Estándar del Libro |
9701700457 |
| 040 ## - FUENTE DE LA CATALOGACIÓN |
| Centro catalogador/agencia de origen |
vecauma |
| Lengua de catalogación |
spa |
| Centro/agencia transcriptor |
vecauma |
| Centro/agencia modificador |
vecauma |
| Normas de descripción |
rda |
| 041 1# - CÓDIGO DE LENGUA |
| Código de lengua del recurso |
spa |
| Código idioma del recurso original |
eng |
| 099 ## - Cota |
| Número de clasificación |
QA76.64 |
| Cutter |
M3 |
| Año |
1997 |
| 100 1# - AUTOR PERSONAL |
| Nombre de persona |
Martin, James, |
| Fechas asociadas al nombre |
1933-2013 |
| Término indicativo de función/relación |
autor |
| 9 (RLIN) |
13545 |
| 245 1# - MENCIÓN DE TÍTULO |
| Título |
Métodos orientados a objetos : |
| Resto del título |
conceptos fundamentales |
| Mención de responsabilidad, etc. |
/ James Martin, James J. Odell ; traducción, Óscar Alfredo Palmas Velasco ; revisión técnica, Guillermo Levine Gutiérrez. |
| 264 #1 - PRODUCCIÓN, PUBLICACIÓN, DISTRIBUCIÓN, FABRICACIÓN Y COPYRIGHT |
| Producción, publicación, distribución, fabricación y copyright |
México, D.F. : |
| Nombre del de productor, editor, distribuidor, fabricante |
Prentice Hall, |
| Fecha de producción, publicación, distribución, fabricación o copyright |
1997. |
| 264 #4 - PRODUCCIÓN, PUBLICACIÓN, DISTRIBUCIÓN, FABRICACIÓN Y COPYRIGHT |
| Fecha de producción, publicación, distribución, fabricación o copyright |
©1997. |
| 300 ## - DESCRIPCIÓN FÍSICA |
| Extensión |
412 páginas. |
| 336 ## - TIPO DE CONTENIDO |
| Término de tipo de contenido |
texto |
| Código de tipo de contenido |
txt |
| Fuente |
rdacontenido |
| 337 ## - TIPO DE MEDIO |
| Nombre/término del tipo de medio |
no mediado |
| Código del tipo de medio |
n |
| Fuente |
rdamedio |
| 338 ## - TIPO DE SOPORTE |
| Nombre/término del tipo de soporte |
volumen |
| Código del tipo de soporte |
nc |
| Fuente |
rdasoporte |
| 500 ## - NOTA GENERAL |
| Nota general |
Incluye índice. |
| 505 0# - NOTA DE CONTENIDO CON FORMATO |
| Nota de contenido con formato |
La base de la OO : la estructura objeto. -- Fundamentos de la OO : comportamiento del objeto. -- Nivel ampliado de los fundamentos de la OO. -- Representación de construcciones de AOO. -- Diseño e implementación. – Apéndices. |
| 520 3# - SUMARIO, ETC. |
| Sumario, etc. |
La metodología orientada a objetos que se presenta en este libro no es un procedimiento que modela la realidad sino la forma en que las personas la comprenden y procesan. A diferencia de otros libros, los fundamentos presentados aquí están formados por las ideas centrales del pensamiento humano. James Martin y James J. Odell demuestran cómo elaborar y utilizar estos fundamentos para comunicarse y comprender nuestro mundo. Además, muestran a los lectores como utilizarlos para generar una implementación. Al presentar un concepto básico y formal que soporta prácticamente cualquier metodología al desarrollo de los sistemas. |
| 534 ## - NOTA SOBRE LA VERSIÓN ORIGINAL |
| Frase introductoria |
Título original: |
| Mención de título del original |
Object-oriented methods : a foundation |
| 650 10 - PUNTO DE ACCESO ADICIONAL DE MATERIA--TÉRMINO DE MATERIA |
| 9 (RLIN) |
13988 |
| Término de materia |
DISEÑO ORIENTADO A OBJETOS |
| 700 1# - ENTRADA AGREGADA--NOMBRE PERSONAL |
| 9 (RLIN) |
13989 |
| Nombre de persona |
Odell, James J., |
| Fechas asociadas al nombre |
1946- |
| Término indicativo de función/relación |
autor |
| 942 #1 - ELEMENTOS DE ENTRADA AGREGADA (KOHA) |
| Fuente del sistema de clasificación o colocación |
Library of Congress Classification |
| Ocultar en OPAC |
No |
| Tipo de ítem Koha |
Libros |